000 00293nam a22001337a 4500
008 171023b xxu||||| |||| 00| 0 eng d
020 _a2900471347247
041 _aeng
080 _22ND
_a338
100 _a54
101 _aMO
245 _aOPERATIONS MANAGEMENT
_cREID,R.D
942 _2udc
_cBK
999 _c35449
_d35449